Welcome to the Holygrace Academy Library

Please use search bar below to get started

HOW TO LIVE WITHOUT FEAR & WORRY (Record no. 5122)

MARC details
000 -LEADER
fixed length control field 00290nam a22001217a 4500
082 ## - DEWEY DECIMAL CLASSIFICATION NUMBER
Classification number 158
Item number DHA/H
100 ## - MAIN ENTRY--AUTHOR NAME
Personal name DHAMMANANDA
245 ## - TITLE STATEMENT
Title HOW TO LIVE WITHOUT FEAR & WORRY
260 ## - PUBLICATION, DISTRIBUTION, ETC. (IMPRINT)
Place of publication MALAYSIA
Name of publisher BMS PUBLICATIONS
300 ## - PHYSICAL DESCRIPTION
Number of Pages 254
650 ## - SUBJECT ADDED ENTRY--TOPICAL TERM
Topical Term PERSONALITY DEVELOPMENT
Geographic subdivision MALAYSIA
942 ## - ADDED ENTRY ELEMENTS (KOHA)
Koha item type Books
Holdings
Withdrawn status Lost status Collection code Home library Current library Shelving location Date acquired Source of acquisition Full call number Accession Number Koha item type
    Reference Main Library Main Library SHELF 15 C-RELIGIOUS 14/07/2016 PURCHASE 158 DHA/H 04326 Books